000 00162nam a22000857a 4500
082 _a300
100 _aUNKNOWN
245 _aSOCIAL SCIENCE X (SHIVA CBSE)
942 _cBK
999 _c8121
_d8121